| 000 | 00365 a2200169 4500 | ||
|---|---|---|---|
| 001 | 189522 | ||
| 020 | _a978-85-01-09934-1 | ||
| 040 | _cMagnum | ||
| 100 | _aMoreira, Eduardo | ||
| 240 | 1 | 0 |
_aEncantadores de vidas _lpor |
| 245 | 1 | 0 | _aEncantadores de vidas |
| 300 | _a254 | ||
| 362 | 0 | _a2012 | |
| 440 | 1 | _aRecord | |
| 697 | _aBIOGRAFIAS E AFINS | ||
| 942 | _cBK | ||
| 999 |
_c189522 _d189522 |
||